000 00772cam a2200277 4500
001 B3243
008 090401t1990 xxu||||| |||| 00| 0 eng d
035 _a(Sirsi) u54906
041 _aeng
050 _a333.336094
110 _aGerald Eve
_9151
245 _aIndustrial change and the single European market: some implications for property: a joint research report
260 _aLondon
_bCity University
_c1990
300 _a76p. : ill.,maps ; 30cm.
350 _a50
650 _aBREWING INDUSTRY
650 _aEUROPE
650 _aFOOD INDUSTRY
650 _aINDUSTRIAL DEVELOPMENT
650 _aINDUSTRIAL PROPERTY
650 _aSINGLE MARKET
650 _aTELECOMMUNICATIONS
710 _aCity University
_9154
942 _n0
948 _c04/03/1997
999 _c93515
_d93515